000 00310nam a2200121Ia 4500
008 191201s2019 xx 000 0 und d
100 _aMODI, J R
245 0 _aChemical Processing Tablet I Mercerization
260 _aN.Delhi
_bThe Textile Association
300 _a16
650 _aB.Tech(TE)
942 _2ddc
_cBK
999 _c3450
_d3450